000 00375nam a22001337a 4500
020 _a9788131754528
082 _222
_a657.3
100 _aGupta, Ambrish.
245 _aFinancial accounting for management :
_ban analytical perspective /
250 _a4th.
260 _aNew Delhi,
_bPearson Education,
_cc2012.
300 _axxxix, 964p. ;
_bill. ;
_c24 cm.
942 _2ddc
_cMAG
_07
999 _c1125
_d1125